Four Word Hymn Titles Quiz Stats

 Plays Quiz Updated Apr 13, 2012

Challenge
Share
Tweet
There are 24 hymns with 4 word titles, spread across the 4 columns and mixed up so they're not in a horizontal line. Find four words that make a hymn title, and type them ALL in the answer box.
Score 0/96 Timer 08:00
5 Plays Today
% Correct
Away In A Manger
96.3%
Away In A Manger
96.3%
Away In A Manger
96.3%
Away In A Manger
96.3%
Silent Night Holy Night
81.6%
Silent Night Holy Night
81.6%
Silent Night Holy Night
81.6%
Silent Night Holy Night
81.6%
Joy To The World
79.1%
Joy To The World
79.1%
Joy To The World
79.1%
Joy To The World
79.1%
How Great Thou Art
76.5%
How Great Thou Art
76.5%
How Great Thou Art
76.5%
How Great Thou Art
76.5%
The Old Rugged Cross
65.2%
The Old Rugged Cross
65.2%
The Old Rugged Cross
65.2%
The Old Rugged Cross
65.2%
Wade In The Water
57.3%
Wade In The Water
57.3%
Wade In The Water
57.3%
Wade In The Water
57.3%
What Child Is This
55%
What Child Is This
55%
What Child Is This
55%
What Child Is This
55%
Great Is Thy Faithfulness
51.3%
Great Is Thy Faithfulness
51.3%
Great Is Thy Faithfulness
51.3%
Great Is Thy Faithfulness
51.3%
% Correct
Blessed Be The Name
49.1%
Blessed Be The Name
49.1%
Blessed Be The Name
49.1%
Blessed Be The Name
49.1%
Faith Of Our Fathers
48.7%
Faith of Our Fathers
48.7%
Faith of Our Fathers
48.7%
Faith of Our Fathers
48.7%
In The Bleak Midwinter
46.2%
In The Bleak Midwinter
46.2%
In The Bleak Midwinter
46.2%
In The Bleak Midwinter
46.2%
Be Thou My Vision
44.1%
Be Thou My Vision
44.1%
Be Thou My Vision
44.1%
Be Thou My Vision
44.1%
Standing On The Promises
43.4%
Standing On The Promises
43.4%
Standing On The Promises
43.4%
Standing On The Promises
43.4%
The Church's One Foundation
42.3%
The Church's One Foundation
42.3%
The Church's One Foundation
42.3%
The Church's One Foundation
42.3%
How Firm A Foundation
41.5%
How Firm A Foundation
41.5%
How Firm A Foundation
41.5%
How Firm A Foundation
41.5%
Infant Holy Infant Lowly
39.7%
Infant Holy Infant Lowly
39.7%
Infant Holy Infant Lowly
39.7%
Infant Holy Infant Lowly
39.7%
% Correct
Whom Shall I Send
37.4%
Whom Shall I Send
37.4%
Whom Shall I Send
37.4%
Whom Shall I Send
37.4%
Thine Be The Glory
37%
Thine Be The Glory
37%
Thine Be The Glory
37%
Thine Be The Glory
37%
O Worship The King
30.6%
O Worship The King
30.6%
O Worship The King
30.6%
O Worship The King
30.6%
For All The Saints
28.9%
For All The Saints
28.9%
For All The Saints
28.9%
For All The Saints
28.9%
Come Thou Almighty King
24.4%
Come Thou Almighty King
24.4%
Come Thou Almighty King
24.4%
Come Thou Almighty King
24.4%
We Walk By Faith
23.7%
We Walk By Faith
23.7%
We Walk By Faith
23.7%
We Walk By Faith
23.7%
Joseph Dearest Joseph Mild
21.9%
Joseph Dearest Joseph Mild
21.9%
Joseph Dearest Joseph Mild
21.9%
Joseph Dearest Joseph Mild
21.9%
Go To Dark Gethsemane
21.5%
Go To Dark Gethsemane
21.5%
Go To Dark Gethsemane
21.5%
Go To Dark Gethsemane
21.5%

You're not logged in!

Compare scores with friends on all Sporcle quizzes.
Join for Free
OR
Log In

You Might Also Like...

Show Comments

Extras

Top Quizzes Today


Score Distribution

Your Account Isn't Verified!

In order to create a playlist on Sporcle, you need to verify the email address you used during registration. Go to your Sporcle Settings to finish the process.

Report this User

Report this user for behavior that violates our Community Guidelines.

Details: